|
|
|
|
| LEADER |
01294nam a2200265 u 4500 |
| 001 |
10097583 |
| 003 |
upatras |
| 005 |
20210117210235.0 |
| 008 |
120524s1960 gr a gre |
| 040 |
|
|
|a GR-PaULI
|c GR-PaULI
|b gre
|
| 041 |
0 |
|
|a gre
|h eng
|
| 082 |
0 |
4 |
|a 387.5
|
| 100 |
1 |
|
|a Van Loon, Hendrik Willem,
|d 1882-1944
|9 158113
|e συγγραφέας
|
| 240 |
0 |
0 |
|a Ships & how they sailed the seven seas (5000 B.C.-A.D.1935)
|
| 245 |
1 |
0 |
|a Ιστορία της ναυτιλίας :
|b από το 5000 π.Χ. μέχρι σήμερα /
|c H. W. Van Loon ; μετάφραση Νίκου Σαρλή
|
| 260 |
|
|
|a Αθήναι :
|b Χρυσαυγή,
|c 1960
|
| 300 |
|
|
|a 349 σ. :
|b εικ. ;
|c 22 εκ.
|
| 650 |
|
0 |
|9 158114
|a Ναυτιλία
|x Ιστορία
|
| 650 |
|
0 |
|9 88184
|a Ναυτική τέχνη και επιστήμη
|x Ιστορία
|
| 700 |
1 |
|
|a Σαρλής, Νίκος
|9 79844
|e μεταφραστής
|
| 767 |
|
|
|i Μετάφραση του :
|t Ships & how they sailed the seven seas (5000 B.C.-A.D.1935)
|
| 942 |
|
|
|2 ddc
|c BK15
|
| 952 |
|
|
|0 0
|1 0
|2 ddc
|4 0
|6 387_500000000000000_VAN
|7 0
|9 207278
|a LISP
|b LISP
|c BSC
|d 2016-11-10
|i 063657
|l 0
|o 387.5 VAN
|p 025000151566
|r 2016-11-10 00:00:00
|t 1
|v 2016.00
|w 2016-11-10
|y BK15
|
| 998 |
|
|
|c ΜΠΟΥΡΑΣ
|d 2016-11
|
| 999 |
|
|
|c 126031
|d 126031
|